Rodents - Sudden Death - Statistics

General Stats
  • This quiz has been taken 2,552 times
  • The average score is 6 of 16
Answers on the Grid
Answers color-coded by a green-red scale on the quiz's grid according to % correct below.
Guinea pig
Chinchilla
Beaver
Hamster
Red squirrel
Brown rat
Gerbil
Field mouse
Agouti
Porcupine
Marmot
Capybara
Gopher
Prairie dog
Lemming
Water vole
Armadillo
Arctic hare
Marmoset
Echidna
Hedgehog
Koala
Two-toed sloth
Mouse lemur
Muntjac
Badger
European mole
Mongoose
Warthog
Wallaby
Vampire bat
Dugong
 
Answer Stats
Answer % Correct
Hamster
52%
Brown rat
51%
Field mouse
47%
Guinea pig
47%
Gerbil
46%
Capybara
39%
Chinchilla
38%
Red squirrel
38%
Gopher
34%
Prairie dog
32%
Lemming
29%
Beaver
28%
Water vole
28%
Marmot
24%
Porcupine
16%
Agouti
10%
No matching quizzes found
Score Distribution
Percent of People with Each Score
Percentile by Number Answered
Your Score History
You have not taken this quiz